The history of communication

Bibliographic Details
Main Author: Woods,Michael
Format: Book
Published: Usa : Twenty-first century books , 2006
Series:Major inventions through history
Subjects:

MARC

LEADER 00000cam a2200000 7i4500
001 0000066199
005 20160920.0
008 160920
020 |a 0822558297 
090 0 0 |a 302.209   |b WOO 
100 1 |a Woods,Michael 
245 1 1 |a The history of communication   |c Michael Woods;Mary B.Woods 
260 |a Usa :   |b Twenty-first century books ,   |c 2006 
490 1 |a Major inventions through history 
500 |a Includes bibliographical,index 
650 0 |a Communication-history-juvenile literature 
999 |a 0001044371   |b Book   |c Adult Collection   |e Cawangan Pontian 
999 |a 0001044372   |b Book   |c Children Collection   |e Cawangan Bukit Gambir